La actividad matemática en el aula: homenaje a Paulo Abrantes

Đã lưu trong:
Chi tiết về thư mục
Những tác giả chính: Giménez, Joaquim (Tác giả), Santos, Leonor (Tác giả), Ponte, Joao Pedro da (Tác giả)
Định dạng: Sách
Ngôn ngữ:Tiếng Tây Ban Nha
Được phát hành: Barcelona Graó 2004
Phiên bản:1a. ed
Loạt:Biblioteca de Uno. Serie Didáctica de las Matemáticas, 204
Những chủ đề:
Các nhãn: Thêm thẻ
Không có thẻ, Là người đầu tiên thẻ bản ghi này!

MARC

LEADER 00000nam a2200000 a 4500
001 UCK4811
003 CL-VaPUC
008 050624e20040000SP |||||||||||||||||spa|d
020 |a 8478173557 
082 0 4 |a 372.7  |b GIM  |2 21 
100 |a Giménez, Joaquim  |e author  |9 530397 
700 0 |a Santos, Leonor  |e author  |9 493428 
700 0 |a Ponte, Joao Pedro da  |e author  |9 493429 
245 1 3 |a La actividad matemática en el aula: homenaje a Paulo Abrantes 
250 |a 1a. ed 
300 |a 176 p 
942 |c BK 
945 |d 20050624 00:00:00  |a cmena 
260 |a Barcelona  |b Graó  |c 2004 
650 0 |a Matemáticas  |x Enseñanza  |9 875527 
650 0 |a Métodos de enseñanza  |9 270413 
650 0 |a Educación básica   |9 224933 
650 0 |a Psicología educacional   |9 307830 
583 |a last modification  |c 20050624 00:00:00  |k Rodrigo Vera 
490 0 |a Biblioteca de Uno. Serie Didáctica de las Matemáticas, 204 
999 |c 313555  |d 313553 
952 |0 0  |1 0  |4 0  |6 372_700000000000000_GIM_2004  |7 0  |8 A  |9 384965  |a BIBEDU  |b BIBEDU  |d 2019-11-22  |i 4140729  |l 1  |o 372.7 GIM 2004  |p 4140729  |r 2023-08-08  |s 2023-08-07  |w 2019-11-22  |y BK  |k EPE 
952 |0 0  |1 0  |4 0  |6 372_700000000000000_GIM_2004  |7 0  |8 A  |9 384966  |a BIBEDU  |b BIBEDU  |d 2019-11-22  |i 4531949  |o 372.7 GIM 2004  |p 4531949  |r 2019-11-22  |w 2019-11-22  |y BK  |k PSI